Management Accounting (Record no. 596)

MARC details
000 -LEADER
Fixed length control field 00454nam a2200169 4500
003 - CONTROL NUMBER IDENTIFIER
Control field SEACOMMC
005 - DATE AND TIME OF LATEST TRANSACTION
Control field 20250417143307.0
008 - FIXED-LENGTH DATA ELEMENTS--GENERAL INFORMATION
Fixed length control field 240925b |||||||| |||| 00| 0 eng d
020 ## - INTERNATIONAL STANDARD BOOK NUMBER / ISBN
International Standard Book Number 978-81-2241-439-4
Price Rs.235.00
040 ## - CATALOGING SOURCE
Original cataloging agency SEACOMMC
082 ## - DEWEY DECIMAL CLASSIFICATION NUMBER
Classification number 658.1511
Book Number R215
100 ## - MAIN ENTRY--PERSONAL NAME
Personal name Rao, M E Thukaram
245 1# - TITLE STATEMENT
Title Management Accounting
Statement of responsibility M E Thukaram Rao
260 ## - IMPRINT
Place of publication New Delhi
Name of publisher New Age International
Date of publication 2009
650 ## - SUBJECT ADDED ENTRY--TOPICAL TERM
Topical term Management
942 ## - ADDED ENTRY ELEMENTS (KOHA)
Koha item type Books
Holdings
Withdrawn status Lost status Source of classification Damaged status Not for loan Home library Current library Shelving location Date acquired Total Checkouts Call number Accession number Date last seen Price effective from Koha item type Copy number
    Dewey Decimal Classification     SEACOM MANAGEMENT COLLEGE SEACOM MANAGEMENT COLLEGE Reference 04/10/2007   658.1511 R215 M-331 25/09/2024 25/09/2024 Reference Books  
    Dewey Decimal Classification     SEACOM MANAGEMENT COLLEGE SEACOM MANAGEMENT COLLEGE   04/10/2007   658.1511 R215 M-332 25/09/2024 25/09/2024 Books 1
    Dewey Decimal Classification     SEACOM MANAGEMENT COLLEGE SEACOM MANAGEMENT COLLEGE   04/10/2007   658.1511 R215 M-333 25/09/2024 25/09/2024 Books 2
    Dewey Decimal Classification     SEACOM MANAGEMENT COLLEGE SEACOM MANAGEMENT COLLEGE   04/10/2007   658.1511 R215 M-334 25/09/2024 25/09/2024 Books 3
    Dewey Decimal Classification     SEACOM MANAGEMENT COLLEGE SEACOM MANAGEMENT COLLEGE   04/10/2007   658.1511 R215 M-335 25/09/2024 25/09/2024 Books 4
© Seacom Engineering College, All rights reserved.    Powered by Koha